Instructor's Resource Manual Marketing Concepts and Strategies

Gespeichert in:
Bibliographische Detailangaben
1. Verfasser: Pride, William M.
Weitere Verfasser: Ferrell, O. C.
Format: Buch
Sprache:Englisch
Veröffentlicht: Boston Houghton Mifflin Co. 1991
Ausgabe:7. ed.
Schlagworte:
Tags: Tag hinzufügen
Keine Tags, Fügen Sie das erste Tag hinzu!

MARC

LEADER 00000nam a2200000 4500
001 c010789
005 20251009090154.8
020 |a 0-395-57301-7 
041 0 |a eng 
044 |a US 
245 1 0 |a Instructor's Resource Manual Marketing  |b Concepts and Strategies  |c William M. Pride, O.C. Ferrell 
250 |a 7. ed. 
264 1 |a Boston  |b Houghton Mifflin Co.  |c 1991 
300 |a 341 s. 
610 2 0 |a marketing 
610 2 0 |a veľkoobchod 
610 2 0 |a maloobchod 
610 2 0 |a cesty odbytové 
610 2 0 |a plánovanie strategické 
610 2 0 |a správanie 
610 2 0 |a pojmy 
610 2 0 |a ceny nákupné 
610 2 0 |a marketing medzinárodný 
610 2 0 |a prieskum trhu 
610 2 0 |a štúdie prípadové 
100 1 |a Pride, William M. 
700 1 |a Ferrell, O. C.